COMMUNICATION SKILLS (Record no. 33020)

MARC details
000 -LEADER
fixed length control field 00321nam a22001457a 4500
003 - CONTROL NUMBER IDENTIFIER
control field SGT
020 ## - INTERNATIONAL STANDARD BOOK NUMBER
International Standard Book Number 938426651-5
082 ## - DEWEY DECIMAL CLASSIFICATION NUMBER
Classification number 302.2
Item number TAN
100 ## - MAIN ENTRY--PERSONAL NAME
Personal name TANWAR, PRATEEK
245 ## - TITLE STATEMENT
Title COMMUNICATION SKILLS
260 ## - PUBLICATION, DISTRIBUTION, ETC. (IMPRINT)
Place of publication, distribution, etc INDIA
Name of publisher, distributor, etc BIRLA PUB.
Year of Publication 2026
300 ## - PAGE DESCRIPTION
No. of Pages 136
650 ## - SUBJECT ADDED ENTRY--TOPICAL TERM
Topical term or geographic name as entry element COMMUNICATION SKILLS
942 ## - ADDED ENTRY ELEMENTS (KOHA)
Source of classification or shelving scheme Dewey Decimal Classification
Koha item type Books
Holdings
Withdrawn status Lost status Source of classification or shelving scheme Damaged status Not for loan Collection code Home library Current library Shelving location Date acquired Vendor Name Cost, normal purchase price SGTU Bill Number Total Checkouts Full call number Accession No. (Barcode) Date last seen Bill Date Koha item type Date last borrowed
    Dewey Decimal Classification     SCIENCE SGT Science & Social Sciences Library SGT Science & Social Sciences Library Text Book 30/10/2025 ABC 250.00 SGTU 21721   302.2 TAN DP1301 30/10/2025 17/09/2025 Books  
    Dewey Decimal Classification     SCIENCE SGT Science & Social Sciences Library SGT Science & Social Sciences Library Text Book 30/10/2025 ABC 250.00 SGTU 21721   302.2 TAN DP1302 30/10/2025 17/09/2025 Books  
    Dewey Decimal Classification     SCIENCE SGT Science & Social Sciences Library SGT Science & Social Sciences Library Text Book 30/10/2025 ABC 250.00 SGTU 21721   302.2 TAN DP1303 30/10/2025 17/09/2025 Books  
    Dewey Decimal Classification     SCIENCE SGT Science & Social Sciences Library SGT Science & Social Sciences Library Text Book 30/10/2025 ABC 250.00 SGTU 21721 1 302.2 TAN DP1304 13/01/2026 17/09/2025 Books 10/01/2026
    Dewey Decimal Classification     SCIENCE SGT Science & Social Sciences Library SGT Science & Social Sciences Library Text Book 30/10/2025 ABC 250.00 SGTU 21721   302.2 TAN DP1305 30/10/2025 17/09/2025 Books